Curso básico de redacción : comunicación escrita I /
محفوظ في:
| المؤلف الرئيسي: | |
|---|---|
| التنسيق: | غير معروف |
| اللغة: | Spanish |
| منشور في: |
San José, Costa Rica :
Universidad de Costa Rica,
1988.
|
| الطبعة: | 1 edición |
| الموضوعات: | |
| الوسوم: |
إضافة وسم
لا توجد وسوم, كن أول من يضع وسما على هذه التسجيلة!
|
MARC
| LEADER | 000000000a22000000004500 | ||
|---|---|---|---|
| 001 | 005455 | ||
| 020 | |a 9977670838 | ||
| 041 | 0 | |a spa | |
| 082 | 0 | 4 | |a 468.2 |b M959c |
| 100 | 1 | |a Müller Delgado, Martha Virginia, |d 1940- | |
| 245 | 1 | 0 | |a Curso básico de redacción : |b comunicación escrita I / |c Martha Virginia Müller Delgado. |
| 250 | |a 1 edición | ||
| 260 | 1 | |a San José, Costa Rica : |b Universidad de Costa Rica, |c 1988. | |
| 300 | |a 97 páginas | ||
| 650 | 4 | |a REDACCION | |
| 999 | |c 11117 |d 11117 | ||
| 942 | |c BK |h 468.2 M959c |2 z | ||



